[Event "DEM U10w 2021"]
[Site "Willingen GER"]
[Date "2021.08.26"]
[Round "7"]
[White "Xiao, Yiyi"]
[Black "Peglau, Lorena"]
[Result "1-0"]
[Termination "normal"]
[Board "4"]
[WhiteElo "1368"]
[BlackElo "1005"]
[WhiteClock "01:02:00"]
[BlackClock "00:51:27"]
[PlyCount "149"]
[WhiteFideId "34605665"]
[BlackFideId "16290542"]
[EventCountry "GER"]
[EventRounds "11"]
[EventType "swiss"]
[EventDate "2021.08.22"]

1. e4 {[%clk 01:15:59]} c6 {[%clk 01:15:54]} {[%emt 00:00:07]} 2. d4 {[%clk
01:16:23]} {[%emt 00:00:05]} d5 {[%clk 01:16:19]} {[%emt 00:00:04]} 3. e5
{[%clk 01:16:48]} {[%emt 00:00:05]} Bf5 {[%clk 01:16:35]} {[%emt 00:00:14]} 4.
Nc3 {[%clk 01:17:10]} {[%emt 00:00:09]} Nd7 {[%clk 01:15:50]} {[%emt 00:01:15]}
5. a3 {[%clk 01:16:01]} {[%emt 00:01:39]} c5 {[%clk 01:15:19]} {[%emt
00:01:02]} 6. Nxd5 {[%clk 01:15:19]} {[%emt 00:01:10]} e6 {[%clk 01:15:06]}
{[%emt 00:00:44]} 7. Nc3 {[%clk 01:15:31]} {[%emt 00:00:18]} cxd4 {[%clk
01:15:18]} {[%emt 00:00:18]} 8. Qxd4 {[%clk 01:15:47]} {[%emt 00:00:14]} Bc5
{[%clk 01:15:21]} {[%emt 00:00:26]} 9. Qa4 {[%clk 01:15:44]} {[%emt 00:00:34]}
Qb6 {[%clk 01:14:49]} {[%emt 00:01:03]} 10. Qf4 {[%clk 01:12:54]} {[%emt
00:03:19]} Bxc2 {[%clk 01:11:51]} {[%emt 00:03:29]} 11. Bb5 {[%clk 01:12:17]}
{[%emt 00:01:06]} Rd8 {[%clk 01:10:56]} {[%emt 00:01:25]} 12. Nge2 {[%clk
01:09:48]} {[%emt 00:02:58]} Bg6 {[%clk 01:10:20]} {[%emt 00:01:01]} 13. b4
{[%clk 01:09:22]} {[%emt 00:01:03]} Be7 {[%clk 01:08:28]} {[%emt 00:02:21]} 14.
Be3 {[%clk 01:08:15]} {[%emt 00:01:37]} Qc7 {[%clk 01:07:05]} {[%emt 00:01:49]}
15. O-O {[%clk 01:07:44]} {[%emt 00:01:05]} a6 {[%clk 01:04:32]} {[%emt
00:03:04]} 16. Bxd7+ {[%clk 01:07:30]} {[%emt 00:00:43]} Rxd7 {[%clk 01:04:31]}
{[%emt 00:00:31]} 17. Rfd1 {[%clk 01:07:02]} {[%emt 00:00:57]} Rxd1+ {[%clk
01:04:17]} {[%emt 00:00:45]} 18. Rxd1 {[%clk 01:07:18]} {[%emt 00:00:15]} a5
{[%clk 01:03:52]} {[%emt 00:00:55]} 19. Qd4 {[%clk 01:05:21]} {[%emt 00:02:25]}
axb4 {[%clk 01:03:41]} {[%emt 00:00:42]} 20. axb4 {[%clk 01:05:22]} {[%emt
00:00:29]} f6 {[%clk 01:02:31]} {[%emt 00:01:40]} 21. Bf4 {[%clk 01:04:36]}
{[%emt 00:01:17]} Qd8 {[%clk 01:00:03]} {[%emt 00:02:57]} 22. Qc4 {[%clk
01:03:45]} {[%emt 00:01:20]} Qb6 {[%clk 00:58:21]} {[%emt 00:02:07]} 23. Nd4
{[%clk 01:02:14]} {[%emt 00:02:07]} Bf7 {[%clk 00:57:12]} {[%emt 00:01:38]} 24.
Ndb5 {[%clk 00:59:55]} {[%emt 00:02:50]} Qc6 {[%clk 00:56:44]} {[%emt
00:00:57]} 25. Qxc6+ {[%clk 00:59:18]} {[%emt 00:01:07]} bxc6 {[%clk 00:56:56]}
{[%emt 00:00:20]} 26. Nd6+ {[%clk 00:59:25]} {[%emt 00:00:22]} Kf8 {[%clk
00:56:46]} {[%emt 00:00:40]} 27. Nce4 {[%clk 00:59:37]} {[%emt 00:00:18]} fxe5
{[%clk 00:57:02]} {[%emt 00:00:14]} 28. Bxe5 {[%clk 00:59:45]} {[%emt
00:00:22]} Nf6 {[%clk 00:55:07]} {[%emt 00:02:25]} 29. Nxf7 {[%clk 00:57:08]}
{[%emt 00:03:07]} Kxf7 {[%clk 00:49:33]} {[%emt 00:06:04]} 30. Ng5+ {[%clk
00:57:31]} {[%emt 00:00:07]} Kg6 {[%clk 00:49:04]} {[%emt 00:01:00]} 31. Nxe6
{[%clk 00:57:35]} {[%emt 00:00:26]} Bxb4 {[%clk 00:49:11]} {[%emt 00:00:23]}
32. f4 {[%clk 00:57:40]} {[%emt 00:00:24]} Ba5 {[%clk 00:48:51]} {[%emt
00:00:51]} 33. Kf2 {[%clk 00:57:49]} {[%emt 00:00:20]} Kf5 {[%clk 00:48:44]}
{[%emt 00:00:35]} 34. Nxg7+ {[%clk 00:57:48]} {[%emt 00:00:33]} Kg6 {[%clk
00:48:47]} {[%emt 00:00:28]} 35. Nh5 {[%clk 00:56:56]} {[%emt 00:01:20]} Kxh5
{[%clk 00:48:19]} {[%emt 00:00:58]} 36. Bxf6 {[%clk 00:57:20]} {[%emt
00:00:07]} Rf8 {[%clk 00:48:31]} {[%emt 00:00:18]} 37. Be5 {[%clk 00:57:43]}
{[%emt 00:00:07]} Rc8 {[%clk 00:47:03]} {[%emt 00:01:59]} 38. Rc1 {[%clk
00:57:26]} {[%emt 00:00:45]} c5 {[%clk 00:47:22]} {[%emt 00:00:13]} 39. Ke3
{[%clk 00:57:25]} {[%emt 00:00:30]} Rc6 {[%clk 00:47:00]} {[%emt 00:00:51]} 40.
Ke4 {[%clk 00:57:15]} {[%emt 00:00:39]} Kg6 {[%clk 00:46:30]} {[%emt 00:01:00]}
41. f5+ {[%clk 00:57:11]} {[%emt 00:00:36]} Kf7 {[%clk 00:46:46]} {[%emt
00:00:12]} 42. f6 {[%clk 00:57:25]} {[%emt 00:00:16]} Bd8 {[%clk 00:46:57]}
{[%emt 00:00:21]} 43. Kd5 {[%clk 00:57:17]} {[%emt 00:00:38]} Rc8 {[%clk
00:46:29]} {[%emt 00:00:58]} 44. Rxc5 {[%clk 00:57:30]} {[%emt 00:00:17]} Rxc5+
{[%clk 00:46:50]} {[%emt 00:00:09]} 45. Kxc5 {[%clk 00:57:51]} {[%emt
00:00:09]} Bxf6 {[%clk 00:47:12]} {[%emt 00:00:07]} 46. Bxf6 {[%clk 00:58:20]}
{[%emt 00:00:02]} Kxf6 {[%clk 00:47:32]} {[%emt 00:00:11]} 47. Kd4 {[%clk
00:58:48]} {[%emt 00:00:01]} Kf5 {[%clk 00:47:56]} {[%emt 00:00:05]} 48. Ke3
{[%clk 00:59:12]} {[%emt 00:00:07]} Kg4 {[%clk 00:48:10]} {[%emt 00:00:15]} 49.
Kf2 {[%clk 00:58:51]} {[%emt 00:00:52]} Kg5 {[%clk 00:48:23]} {[%emt 00:00:50]}
50. Kg3 {[%clk 00:59:39]} {[%emt 00:00:09]} h5 {[%clk 00:48:40]} {[%emt
00:00:13]} 51. Kh3 {[%clk 00:58:42]} {[%emt 00:01:26]} Kh6 {[%clk 00:46:15]}
{[%emt 00:02:55]} 52. Kh4 {[%clk 00:58:53]} {[%emt 00:00:20]} Kg6 {[%clk
00:46:34]} {[%emt 00:00:11]} 53. h3 {[%clk 00:59:16]} {[%emt 00:00:07]} Kh6
{[%clk 00:46:58]} {[%emt 00:00:06]} 54. g4 {[%clk 00:59:38]} {[%emt 00:00:08]}
hxg4 {[%clk 00:47:19]} {[%emt 00:00:10]} 55. hxg4 {[%clk 01:00:00]} {[%emt
00:00:08]} Kg6 {[%clk 00:47:38]} {[%emt 00:00:10]} 56. Kg3 {[%clk 00:59:42]}
{[%emt 00:00:49]} Kg5 {[%clk 00:47:49]} {[%emt 00:00:18]} 57. Kf3 {[%clk
00:59:44]} {[%emt 00:00:28]} Kg6 {[%clk 00:48:08]} {[%emt 00:00:11]} 58. Kf4
{[%clk 00:59:53]} {[%emt 00:00:20]} Kf6 {[%clk 00:48:26]} {[%emt 00:00:13]} 59.
Kf3 {[%clk 00:59:40]} {[%emt 00:00:43]} Kg6 {[%clk 00:48:38]} {[%emt 00:00:18]}
60. Kg3 {[%clk 00:59:28]} {[%emt 00:00:42]} Kg5 {[%emt 00:00:33]} 61. Kh3
{[%clk 00:59:34]} {[%emt 00:00:01]} Kh6 {[%clk 00:49:11]} {[%emt 00:00:17]} 62.
Kh4 {[%clk 00:59:54]} {[%emt 00:00:10]} Kg6 {[%clk 00:48:39]} {[%emt 00:01:02]}
63. g5 {[%clk 01:00:18]} {[%emt 00:00:07]} Kh7 {[%clk 00:48:51]} {[%emt
00:00:16]} 64. Kh5 {[%clk 00:59:59]} {[%emt 00:00:50]} Kg7 {[%clk 00:48:42]}
{[%emt 00:00:39]} 65. g6 {[%clk 00:59:40]} {[%emt 00:00:49]} Kg8 {[%clk
00:48:54]} {[%emt 00:00:16]} 66. Kg5 {[%clk 01:00:03]} {[%emt 00:00:09]} Kf8
{[%clk 00:49:03]} {[%emt 00:00:21]} 67. Kf6 {[%clk 01:00:01]} {[%emt 00:00:32]}
Kg8 {[%clk 00:49:11]} {[%emt 00:00:22]} 68. g7 {[%clk 01:00:23]} {[%emt
00:00:09]} Kh7 {[%clk 00:49:22]} {[%emt 00:00:18]} 69. Kf7 {[%clk 01:00:33]}
{[%emt 00:00:19]} Kh6 {[%clk 00:49:37]} {[%emt 00:00:17]} 70. g8=Q {[%emt
00:00:09]} Kh5 {[%clk 00:49:55]} {[%emt 00:00:07]} 71. Kf6 {[%clk 01:01:14]}
{[%emt 00:00:14]} Kh4 {[%clk 00:50:17]} {[%emt 00:00:08]} 72. Kf5 {[%clk
01:01:35]} {[%emt 00:00:10]} Kh3 {[%clk 00:50:40]} {[%emt 00:00:07]} 73. Kf4
{[%clk 01:01:56]} {[%emt 00:00:09]} Kh2 {[%clk 00:51:03]} {[%emt 00:00:06]} 74.
Kf3 {[%clk 01:02:11]} {[%emt 00:00:14]} Kh1 {[%clk 00:51:27]} {[%emt 00:00:07]}
75. Qg2# {[%clk 01:02:00]} {[%emt 00:00:05]} 1-0

[Event "DEM U10w 2021"]
[Site "Willingen GER"]
[Date "2021.08.26"]
[Round "7"]
[White "Will, Elina"]
[Black "Mehner, Clara"]
[Result "1-0"]
[Termination "normal"]
[Board "5"]
[WhiteElo "1181"]
[BlackElo "1159"]
[WhiteClock "00:40:20"]
[BlackClock "00:13:15"]
[PlyCount "127"]
[WhiteFideId "34623434"]
[BlackFideId "34612165"]
[EventCountry "GER"]
[EventRounds "11"]
[EventType "swiss"]
[EventDate "2021.08.22"]

1. e4 {[%clk 01:15:58]} {[%emt 00:00:02]} e5 {[%clk 01:15:53]} {[%emt
00:00:07]} 2. Nf3 {[%clk 01:16:23]} {[%emt 00:00:05]} Nc6 {[%clk 01:16:03]}
{[%emt 00:00:19]} 3. d4 {[%clk 01:16:34]} {[%emt 00:00:20]} exd4 {[%clk
01:15:59]} {[%emt 00:00:33]} 4. Nxd4 {[%clk 01:16:59]} {[%emt 00:00:04]} Bc5
{[%clk 01:15:30]} {[%emt 00:01:00]} 5. Nxc6 {[%clk 01:16:46]} {[%emt 00:00:43]}
Qf6 {[%clk 01:14:06]} {[%emt 00:01:54]} 6. Qd2 {[%clk 01:14:52]} {[%emt
00:02:24]} dxc6 {[%clk 01:13:11]} {[%emt 00:01:26]} 7. Bc4 {[%clk 01:11:51]}
{[%emt 00:03:31]} Ne7 {[%clk 01:08:44]} {[%emt 00:04:56]} 8. O-O {[%clk
01:09:47]} {[%emt 00:02:35]} Qg6 {[%clk 01:04:30]} {[%emt 00:04:41]} 9. Qg5
{[%clk 01:05:53]} {[%emt 00:04:26]} Qf6 {[%clk 01:01:32]} {[%emt 00:03:26]} 10.
Qxf6 {[%clk 01:04:41]} {[%emt 00:01:45]} gxf6 {[%clk 00:58:23]} {[%emt
00:03:39]} 11. Be3 {[%clk 01:02:56]} {[%emt 00:02:15]} Bd6 {[%clk 00:55:23]}
{[%emt 00:03:27]} 12. Bd4 {[%clk 01:01:56]} {[%emt 00:01:33]} Be5 {[%clk
00:54:05]} {[%emt 00:01:42]} 13. Bxe5 {[%clk 01:01:43]} {[%emt 00:00:49]} fxe5
{[%clk 00:53:46]} {[%emt 00:00:48]} 14. f4 {[%clk 00:57:08]} {[%emt 00:05:05]}
Ng6 {[%clk 00:51:56]} {[%emt 00:02:20]} 15. fxe5 {[%clk 00:54:46]} {[%emt
00:02:52]} Nxe5 {[%clk 00:51:56]} {[%emt 00:00:31]} 16. Nd2 {[%clk 00:54:05]}
{[%emt 00:01:11]} Rg8 {[%clk 00:50:50]} {[%emt 00:01:36]} 17. Rf2 {[%clk
00:49:48]} {[%emt 00:04:46]} Bh3 {[%clk 00:48:00]} {[%emt 00:03:20]} 18. Kh1
{[%clk 00:47:47]} {[%emt 00:02:31]} Bg4 {[%clk 00:46:58]} {[%emt 00:01:29]} 19.
Bb3 {[%clk 00:46:38]} {[%emt 00:01:42]} Rd8 {[%clk 00:43:34]} {[%emt 00:03:48]}
20. Nc4 {[%clk 00:45:53]} {[%emt 00:01:22]} Nd7 {[%clk 00:39:23]} {[%emt
00:04:30]} 21. Na5 {[%clk 00:42:38]} {[%emt 00:03:55]} Rg7 {[%clk 00:36:38]}
{[%emt 00:03:14]} 22. Nxb7 {[%clk 00:41:20]} {[%emt 00:01:50]} Rb8 {[%clk
00:32:36]} {[%emt 00:04:26]} 23. Na5 {[%clk 00:40:58]} {[%emt 00:00:57]} Ne5
{[%clk 00:31:34]} {[%emt 00:01:29]} 24. h3 {[%clk 00:38:44]} {[%emt 00:02:47]}
Bh5 {[%clk 00:31:09]} {[%emt 00:00:54]} 25. Rf5 {[%clk 00:39:02]} {[%emt
00:00:14]} Rb5 {[%clk 00:26:40]} {[%emt 00:04:59]} 26. Nxc6 {[%clk 00:38:56]}
{[%emt 00:00:35]} Bg6 {[%clk 00:23:26]} {[%emt 00:03:44]} 27. Rxe5+ {[%clk
00:39:17]} {[%emt 00:00:10]} Rxe5 {[%clk 00:22:39]} {[%emt 00:01:17]} 28. Nxe5
{[%clk 00:39:38]} {[%emt 00:00:09]} Bxe4 {[%clk 00:22:07]} {[%emt 00:01:01]}
29. Nf3 {[%clk 00:38:32]} {[%emt 00:01:37]} Kf8 {[%clk 00:20:32]} {[%emt
00:02:03]} 30. Re1 {[%clk 00:38:21]} {[%emt 00:00:43]} Bc6 {[%clk 00:19:49]}
{[%emt 00:01:07]} 31. Re5 {[%clk 00:38:05]} {[%emt 00:00:49]} Bb7 {[%clk
00:15:51]} {[%emt 00:04:30]} 32. Rg5 {[%clk 00:38:25]} {[%emt 00:00:10]} h6
{[%clk 00:14:24]} {[%emt 00:01:57]} 33. Rxg7 {[%clk 00:38:22]} {[%emt
00:00:32]} Kxg7 {[%clk 00:14:32]} {[%emt 00:00:23]} 34. Kg1 {[%clk 00:38:43]}
{[%emt 00:00:09]} f5 {[%clk 00:12:33]} {[%emt 00:02:29]} 35. Kf2 {[%clk
00:37:23]} {[%emt 00:01:51]} Kf6 {[%clk 00:12:09]} {[%emt 00:00:54]} 36. g4
{[%clk 00:37:13]} {[%emt 00:00:39]} f4 {[%clk 00:11:57]} {[%emt 00:00:41]} 37.
h4 {[%clk 00:37:05]} {[%emt 00:00:38]} Bxf3 {[%clk 00:11:07]} {[%emt 00:01:21]}
38. Kxf3 {[%clk 00:37:29]} {[%emt 00:00:06]} Ke5 {[%clk 00:11:17]} {[%emt
00:00:19]} 39. g5 {[%clk 00:37:50]} {[%emt 00:00:10]} hxg5 {[%clk 00:11:20]}
{[%emt 00:00:27]} 40. hxg5 {[%clk 00:38:15]} {[%emt 00:00:05]} Kf5 {[%clk
00:11:28]} {[%emt 00:00:22]} 41. g6 {[%clk 00:38:35]} {[%emt 00:00:11]} Kxg6
{[%clk 00:11:38]} {[%emt 00:00:20]} 42. Kxf4 {[%clk 00:39:03]} {[%emt
00:00:02]} Kf6 {[%clk 00:11:41]} {[%emt 00:00:26]} 43. Ke4 {[%clk 00:39:16]}
{[%emt 00:00:17]} Ke7 {[%clk 00:11:52]} {[%emt 00:00:18]} 44. Ke5 {[%clk
00:39:38]} {[%emt 00:00:10]} Kd7 {[%clk 00:12:01]} {[%emt 00:00:21]} 45. Kd5
{[%clk 00:39:36]} {[%emt 00:00:31]} c6+ {[%clk 00:11:42]} {[%emt 00:00:50]} 46.
Kc5 {[%clk 00:39:57]} {[%emt 00:00:09]} Kc7 {[%clk 00:11:56]} {[%emt 00:00:15]}
47. Ba4 {[%clk 00:40:23]} {[%emt 00:00:05]} Kb7 {[%clk 00:11:46]} {[%emt
00:00:38]} 48. Bxc6+ {[%clk 00:40:45]} {[%emt 00:00:09]} Kc7 {[%clk 00:12:06]}
{[%emt 00:00:10]} 49. c4 {[%clk 00:41:04]} {[%emt 00:00:11]} a6 {[%clk
00:12:19]} {[%emt 00:00:18]} 50. b4 {[%clk 00:41:06]} {[%emt 00:00:28]} Kb8
{[%clk 00:11:30]} {[%emt 00:01:19]} 51. Kb6 {[%clk 00:40:53]} {[%emt 00:00:43]}
Kc8 {[%clk 00:11:07]} {[%emt 00:00:51]} 52. Kxa6 {[%clk 00:41:01]} {[%emt
00:00:23]} Kb8 {[%clk 00:11:23]} {[%emt 00:00:14]} 53. b5 {[%clk 00:41:16]}
{[%emt 00:00:16]} Kc7 {[%clk 00:11:24]} {[%emt 00:00:28]} 54. b6+ {[%clk
00:41:41]} {[%emt 00:00:05]} Kb8 {[%clk 00:11:38]} {[%emt 00:00:16]} 55. c5
{[%clk 00:41:33]} {[%emt 00:00:38]} Kc8 {[%clk 00:11:52]} {[%emt 00:00:16]} 56.
b7+ {[%clk 00:41:51]} {[%emt 00:00:13]} Kb8 {[%clk 00:12:04]} {[%emt 00:00:17]}
57. a4 {[%clk 00:42:02]} {[%emt 00:00:19]} Kc7 {[%clk 00:12:06]} {[%emt
00:00:28]} 58. Ka7 {[%clk 00:42:25]} {[%emt 00:00:07]} Kxc6 {[%clk 00:12:24]}
{[%emt 00:00:12]} 59. b8=Q {[%clk 00:41:28]} {[%emt 00:00:33]} Kxc5 {[%clk
00:12:38]} {[%emt 00:01:10]} 60. Qd8 {[%clk 00:39:09]} {[%emt 00:00:07]} Kc6
{[%clk 00:12:45]} {[%emt 00:03:04]} 61. Qd4 {[%clk 00:39:16]} {[%emt 00:00:23]}
Kc7 {[%clk 00:12:55]} {[%emt 00:00:21]} 62. Qd5 {[%clk 00:39:34]} {[%emt
00:00:12]} Kc8 {[%clk 00:12:59]} {[%emt 00:00:26]} 63. Kb6 {[%clk 00:39:55]}
{[%emt 00:00:09]} Kb8 {[%clk 00:13:15]} {[%emt 00:00:14]} 64. Qb7# {[%clk
00:40:20]} {[%emt 00:00:05]} 1-0

[Event "DEM U10w 2021"]
[Site "Willingen GER"]
[Date "2021.08.26"]
[Round "7"]
[White "Hefele, Stefanie"]
[Black "Kovalskyy, Alicia"]
[Result "1-0"]
[Termination "normal"]
[Board "6"]
[WhiteElo "1044"]
[BlackElo "1078"]
[WhiteClock "00:57:46"]
[BlackClock "00:58:48"]
[PlyCount "73"]
[WhiteFideId "34612041"]
[BlackFideId "34612130"]
[EventCountry "GER"]
[EventRounds "11"]
[EventType "swiss"]
[EventDate "2021.08.22"]

1. e4 {[%clk 01:15:57]} {[%emt 00:00:03]} e5 {[%clk 01:15:55]} {[%emt
00:00:06]} 2. Nf3 {[%clk 01:16:13]} {[%emt 00:00:13]} Nc6 {[%clk 01:16:22]}
{[%emt 00:00:04]} 3. d4 {[%clk 01:16:20]} {[%emt 00:00:22]} exd4 {[%clk
01:16:47]} {[%emt 00:00:06]} 4. Nxd4 {[%clk 01:16:27]} {[%emt 00:00:22]} Nf6
{[%clk 01:17:14]} {[%emt 00:00:03]} 5. Nxc6 {[%clk 01:16:34]} {[%emt 00:00:24]}
bxc6 {[%clk 01:17:39]} {[%emt 00:00:04]} 6. e5 {[%clk 01:16:52]} {[%emt
00:00:13]} Qe7 {[%clk 01:17:52]} {[%emt 00:00:16]} 7. Qe2 {[%clk 01:16:44]}
{[%emt 00:00:37]} Nd5 {[%clk 01:18:12]} {[%emt 00:00:11]} 8. h4 {[%clk
01:16:37]} {[%emt 00:00:38]} g6 {[%clk 01:16:16]} {[%emt 00:02:25]} 9. c4
{[%clk 01:15:29]} {[%emt 00:01:38]} Nb6 {[%clk 01:16:24]} {[%emt 00:00:22]} 10.
Bg5 {[%clk 01:14:23]} {[%emt 00:01:36]} Qe6 {[%emt 00:01:16]} 11. Nc3 {[%clk
01:13:51]} Ba6 {[%clk 01:16:01]} {[%emt 00:01:09]} 12. b3 {[%clk 01:12:36]}
{[%emt 00:01:44]} Bg7 {[%clk 01:15:39]} {[%emt 00:00:52]} 13. f4 {[%clk
01:10:57]} {[%emt 00:02:09]} d6 {[%clk 01:15:36]} {[%emt 00:00:34]} 14. Bf6
{[%clk 01:10:17]} {[%emt 00:01:10]} Bxf6 {[%clk 01:13:28]} {[%emt 00:02:38]}
15. exf6 {[%clk 01:10:24]} {[%emt 00:00:23]} O-O-O {[%clk 01:13:17]} {[%emt
00:00:40]} 16. Qxe6+ {[%clk 01:10:02]} {[%emt 00:00:53]} fxe6 {[%clk 01:13:41]}
{[%emt 00:00:05]} 17. O-O-O {[%clk 01:09:29]} {[%emt 00:01:04]} Rhf8 {[%clk
01:14:06]} {[%emt 00:00:05]} 18. Ne4 {[%clk 01:08:50]} {[%emt 00:01:09]} d5
{[%clk 01:14:14]} {[%emt 00:00:23]} 19. Nc5 {[%clk 01:08:51]} {[%emt 00:00:29]}
Rxf6 {[%clk 01:12:38]} {[%emt 00:02:05]} 20. Nxa6 {[%clk 01:08:36]} {[%emt
00:00:45]} Rxf4 {[%clk 01:12:35]} {[%emt 00:00:32]} 21. Nc5 {[%clk 01:07:35]}
{[%emt 00:01:32]} Re8 {[%clk 01:11:03]} {[%emt 00:02:02]} 22. h5 {[%clk
01:04:27]} {[%emt 00:03:38]} g5 {[%clk 01:09:30]} {[%emt 00:02:02]} 23. cxd5
{[%clk 01:02:15]} {[%emt 00:02:44]} exd5 {[%clk 01:09:20]} {[%emt 00:00:38]}
24. Ba6+ {[%clk 01:02:06]} {[%emt 00:00:40]} Kb8 {[%clk 01:08:36]} {[%emt
00:01:13]} 25. Rhe1 {[%clk 01:01:39]} {[%emt 00:00:58]} Rg8 {[%clk 01:07:03]}
{[%emt 00:01:52]} 26. Re7 {[%clk 01:00:34]} {[%emt 00:01:45]} Rf2 {[%clk
01:05:30]} {[%emt 00:02:03]} 27. Rde1 {[%clk 01:00:12]} {[%emt 00:00:53]} Rd8
{[%clk 01:03:21]} {[%emt 00:02:28]} 28. Ne6 {[%clk 00:59:23]} {[%emt 00:01:30]}
Rg8 {[%clk 01:03:13]} {[%emt 00:00:33]} 29. Nxg5 {[%clk 00:59:03]} {[%emt
00:00:55]} Rff8 {[%clk 01:02:14]} {[%emt 00:01:29]} 30. Nxh7 {[%clk 00:58:35]}
{[%emt 00:00:58]} Rd8 {[%clk 01:02:36]} {[%emt 00:00:07]} 31. Nf6 {[%clk
00:57:51]} {[%emt 00:01:15]} Rgf8 {[%clk 01:00:08]} {[%emt 00:02:56]} 32. Re8
{[%clk 00:57:41]} {[%emt 00:00:42]} Nc8 {[%clk 00:59:46]} {[%emt 00:00:52]} 33.
Rxf8 {[%clk 00:57:32]} {[%emt 00:00:39]} Rxf8 {[%clk 01:00:05]} {[%emt
00:00:10]} 34. Nd7+ {[%emt 00:00:18]} Ka8 {[%clk 01:00:23]} {[%emt 00:00:10]}
35. Nxf8 {[%clk 00:58:01]} {[%emt 00:00:15]} Nd6 {[%clk 01:00:06]} {[%emt
00:00:47]} 36. h6 {[%clk 00:57:37]} {[%emt 00:00:56]} Kb8 {[%clk 00:58:48]}
{[%emt 00:01:48]} 37. Nd7+ {[%clk 00:57:46]} {[%emt 00:00:20]} 1-0

[Event "DEM U10w 2021"]
[Site "Willingen GER"]
[Date "2021.08.26"]
[Round "7"]
[White "Amrhein, Yana"]
[Black "Rafikova, Ailin"]
[Result "0-1"]
[Termination "normal"]
[Board "7"]
[WhiteElo "735"]
[BlackElo "1375"]
[WhiteClock "01:07:20"]
[BlackClock "01:01:53"]
[PlyCount "42"]
[WhiteFideId "34638253"]
[BlackFideId "34612173"]
[EventCountry "GER"]
[EventRounds "11"]
[EventType "swiss"]
[EventDate "2021.08.22"]

1. Nf3 {[%clk 01:15:39]} {[%emt 00:00:04]} d5 {[%clk 01:15:51]} {[%emt
00:00:25]} 2. d3 {[%clk 01:15:58]} {[%emt 00:00:11]} Nf6 {[%clk 01:16:02]}
{[%emt 00:00:20]} 3. g3 {[%clk 01:16:17]} {[%emt 00:00:10]} g6 {[%clk
01:15:46]} {[%emt 00:00:47]} 4. Bg2 {[%clk 01:16:15]} {[%emt 00:00:25]} Bg7
{[%clk 01:16:09]} {[%emt 00:00:13]} 5. O-O {[%clk 01:16:25]} {[%emt 00:00:20]}
O-O {[%clk 01:16:32]} {[%emt 00:00:08]} 6. c3 {[%clk 01:15:19]} {[%emt
00:01:35]} c5 {[%clk 01:16:03]} {[%emt 00:00:58]} 7. d4 {[%clk 01:14:56]}
{[%emt 00:00:54]} cxd4 {[%clk 01:15:15]} {[%emt 00:01:18]} 8. Nxd4 {[%clk
01:14:26]} {[%emt 00:01:01]} Nc6 {[%clk 01:14:36]} {[%emt 00:01:10]} 9. Bf4
{[%clk 01:14:11]} {[%emt 00:00:42]} e6 {[%clk 01:12:11]} {[%emt 00:02:50]} 10.
Nxc6 {[%clk 01:14:17]} {[%emt 00:00:30]} bxc6 {[%clk 01:11:37]} {[%emt
00:01:05]} 11. c4 {[%clk 01:14:31]} {[%emt 00:00:14]} Ba6 {[%clk 01:10:36]}
{[%emt 00:01:22]} 12. Nd2 {[%clk 01:14:38]} {[%emt 00:00:35]} Qb6 {[%clk
01:09:38]} {[%emt 00:01:18]} 13. b3 {[%clk 01:14:34]} {[%emt 00:00:42]} Rfd8
{[%clk 01:08:56]} {[%emt 00:01:11]} 14. cxd5 {[%clk 01:14:33]} {[%emt
00:00:33]} cxd5 {[%clk 01:08:19]} {[%emt 00:01:08]} 15. Nf3 {[%clk 01:13:47]}
{[%emt 00:01:14]} Rac8 {[%clk 01:07:17]} {[%emt 00:01:31]} 16. Qd4 {[%clk
01:09:12]} {[%emt 00:05:06]} Bxe2 {[%clk 01:06:00]} {[%emt 00:01:44]} 17. Qxb6
{[%clk 01:08:58]} {[%emt 00:00:48]} axb6 {[%clk 01:06:04]} {[%emt 00:00:25]}
18. Rfe1 {[%clk 01:08:13]} {[%emt 00:01:13]} Ba6 {[%clk 01:05:25]} {[%emt
00:00:59]} 19. a4 {[%clk 01:08:07]} {[%emt 00:00:48]} Ra8 {[%clk 01:03:15]}
{[%emt 00:02:41]} 20. Re3 {[%clk 01:07:34]} {[%emt 00:00:55]} Ng4 {[%clk
01:02:40]} {[%emt 00:01:13]} 21. Rc3 {[%clk 01:07:20]} {[%emt 00:00:43]} Bxc3
{[%clk 01:01:53]} {[%emt 00:01:17]} 0-1